Central Library OPAC University of Rajshahi

অগ্রগামী / (Record no. 64428)

MARC details
000 -LEADER
fixed length control field 00846nam a2200217 a 4500
001 - CONTROL NUMBER
control field 64428
003 - CONTROL NUMBER IDENTIFIER
rucl marc code BD-RjUL
005 - DATE AND TIME OF LATEST TRANSACTION
control field 20211209081316.0
008 - FIXED-LENGTH DATA ELEMENTS--GENERAL INFORMATION
fixed length control field 170214s1955 ii ||||| |||| 00| 0 eng d
035 ## - SYSTEM CONTROL NUMBER
System control number (BD-RjUL)64558
040 ## - CATALOGING SOURCE
Original cataloging agency BD-RjUL
Language of cataloging ben
Transcribing agency BD-RjUL
Modifying agency BD-RjUL
041 ## - LANGUAGE CODE
Language code of text/sound track or separate title ben
082 ## - DEWEY DECIMAL CLASSIFICATION NUMBER
Edition number 23
Classification number 891.443
Author mark and year SAO 1955
100 ## - MAIN ENTRY--PERSONAL NAME
Personal name সান্যাল, প্রবোধকুমার
9 (RLIN) 179515
245 ## - TITLE STATEMENT
Title অগ্রগামী /
Statement of responsibility, etc. প্রবোধকুমার সান্যাল
260 ## - PUBLICATION, DISTRIBUTION, ETC. (IMPRINT)
Place of publication, distribution, etc. কলিকাতা :
Name of publisher, distributor, etc. ইন্ডিয়া অ্যাসোসিয়েটেড্ পাবলিশিং কো.,
Date of publication, distribution, etc. ১৯৫৫ [১৩৬২]
300 ## - PHYSICAL DESCRIPTION
Pagination ২১৯ পৃ. ;
Size সেমি.
650 ## - SUBJECT ADDED ENTRY--TOPICAL TERM
Topical term or geographic name as entry element বাংলা উপন্যাস
9 (RLIN) 170454
Topical term or geographic name as entry element Bengali Fiction
9 (RLIN) 170455
942 ## - ADDED ENTRY ELEMENTS (KOHA)
Source of classification or shelving scheme Dewey Decimal Classification
Koha item type Books
Holdings
Lost status Source of classification or shelving scheme Damaged status Not for loan Collection code Permanent Location Current Location Shelving location Date acquired Source of acquisition Cost, normal purchase price Total Checkouts Full call number Date last seen Copy number Koha item type
  Dewey Decimal Classification   Not For Loan Fiction Central Library, University of Rajshahi Central Library, University of Rajshahi Reading Room 01/10/1959 Provincial book, Dhaka 4.00   B 891.443 SAO 1955 14/02/2017 C-1 Books